| 000 -LEADER | |
|---|---|
| fixed length control field | 00351nam a22001457a 4500 |
| 005 - DATE AND TIME OF LATEST TRANSACTION | |
| control field | 20160520100245.0 |
| 008 - FIXED-LENGTH DATA ELEMENTS--GENERAL INFORMATION | |
| fixed length control field | 160520b xxu||||| |||| 00| 0 eng d |
| 041 ## - LANGUAGE CODE | |
| Language code of text/sound track or separate title | eng |
| 082 ## - DEWEY DECIMAL CLASSIFICATION NUMBER | |
| Item number | 3379 |
| 100 ## - MAIN ENTRY--AUTHOR NAME | |
| Personal name | Maluind A & Baler D.J. |
| 245 ## - TITLE STATEMENT | |
| Title | Electronic Principles |
| 260 ## - PUBLICATION, DISTRIBUTION, ETC. (IMPRINT) | |
| Place of publication | New Delhi |
| Name of publisher | TMH, |
| 650 ## - SUBJECT ADDED ENTRY--TOPICAL TERM | |
| Topical Term | DIPLOMA ENGINEERING |
| 942 ## - ADDED ENTRY ELEMENTS (KOHA) | |
| Koha item type | Books |
| Lost status | Damaged status | Collection code | Home library | Current library | Shelving location | Date acquired | Cost, normal purchase price | Full call number | Accession Number | Koha item type |
|---|---|---|---|---|---|---|---|---|---|---|
| Reference | JRU Library | SHELF-72-B | 20/05/2016 | 550.00 | 3379 | 3379 | Books | |||
| MINING | JRU Library | JRU Library | SHELF-58-D | 20/05/2016 | 550.00 | 3379 | 3380 | Books | ||
| MINING | JRU Library | JRU Library | SHELF-58-D | 20/05/2016 | 550.00 | 3379 | 3381 | Books |